Recycling of vulcanised rubber wastes including tyre (Record no. 66563)

MARC details
000 -LEADER
fixed length control field 00480nam a2200169Ia 4500
100 ## - MAIN ENTRY--AUTHOR NAME
Personal name Nakao K
245 #0 - TITLE STATEMENT
Title Recycling of vulcanised rubber wastes including tyre
260 ## - PUBLICATION, DISTRIBUTION, ETC. (IMPRINT)
Name of publisher In: Proceedings of the International Rubber Conference, Kobe, 1995, p373-376
650 ## - SUBJECT ADDED ENTRY--TOPICAL TERM
Topical Term Recycling
650 ## - SUBJECT ADDED ENTRY--TOPICAL TERM
Topical Term Tyre waste
650 ## - SUBJECT ADDED ENTRY--TOPICAL TERM
Topical Term Vulcanised rubber waste
700 ## - ADDED ENTRY--PERSONAL NAME
Personal name Endon H
700 ## - ADDED ENTRY--PERSONAL NAME
Personal name Mito M
700 ## - ADDED ENTRY--PERSONAL NAME
Personal name Sakamoto Y
942 ## - ADDED ENTRY ELEMENTS (KOHA)
Koha item type Journals
Holdings
Withdrawn status Lost status Damaged status Not for loan Home library Current library Shelving location Date acquired Koha item type
      Journals RRII Library RRII Library Rubber chemistry 17/12/2021 Journals